|
|
|
|
| LEADER |
00000nam0a2200000 4500 |
| 001 |
176478 |
| 005 |
20231031165319.0 |
| 010 |
|
|
|a 9785992204049
|
| 035 |
|
|
|a (RuTPU)RU\TPU\book\191320
|
| 090 |
|
|
|a 176478
|
| 100 |
|
|
|a 20100301d2009 m y0rusy50 ca
|
| 101 |
0 |
|
|a rus
|
| 102 |
|
|
|a RU
|
| 105 |
|
|
|a y z 000ay
|
| 200 |
1 |
|
|a Четвертый год
|e роман
|f А. Каменистый
|
| 210 |
|
|
|a Москва
|c Альфа-книга
|c Армада
|d 2009
|
| 215 |
|
|
|a 376 с.
|
| 225 |
1 |
|
|a Фантастический боевик
|
| 610 |
1 |
|
|a русская литература
|
| 610 |
1 |
|
|a романы
|
| 610 |
1 |
|
|a фантастика
|
| 610 |
1 |
|
|a боевики
|
| 675 |
|
|
|a Р2
|v 3
|
| 700 |
|
1 |
|a Каменистый
|b А.
|g Артем
|
| 801 |
|
1 |
|a RU
|b 63413507
|c 20100301
|
| 801 |
|
2 |
|a RU
|b 63413507
|c 20100302
|g RCR
|
| 942 |
|
|
|c BK
|